Valorant: ligne d'ultimes - Statistiques

Statistiques générales
  • Ce quiz a été pris 244 fois
  • Le résultat moyen est 7 sur 52
Statistiques - réponses
Agent Camp Ultime % Correct
Astra Allié Un monde coupé en deux
40%
Cypher Ennemi Je sais exactement où vous êtes
38%
Breach Allié C'est parti
37%
Neon Allié C'est parti
37%
Astra Ennemi Vous êtes divisés
36%
Clove Allié Coucou me revoila
35%
Deadlock Ennemi Mon territoire! Mes règles
34%
Chamber Allié Ils sont cuits
32%
Brimstone Ennemi Les feux de l'enfer
31%
Brimstone Allié Que les cieux s'ouvrent
27%
Iso Ennemi C'est entre toi et moi
23%
Chamber Ennemi Vous voulez jouez? Jouons
22%
Fade Allié Place au cauchemar
21%
Jett Allié Regardez ça
21%
Clove Ennemi A mon tour de m'amuser
19%
Sage Ennemi Vous ne tuerez pas mes alliés
18%
Gekko Allié A toi ma jolie
17%
Breach Ennemi A terre maintenant
16%
KAY/O Ennemi Vous êtes impuissants
16%
Fade Ennemi Affronte tes peurs
14%
Sova Allié Je suis le chasseur
14%
Viper Ennemi Bienvenue dans mon monde
13%
Gekko Ennemi Oyé monstre en liberté
12%
Iso Allié C'est l'heure du duel
9%
Harbor Ennemi Vous feriez mieux de bouger
9%
Reyna Allié Ils me craindront
8%
Deadlock Allié Conduisez les à la tombe
5%
Sage Allié Le devoir t'appelle
5%
Omen Allié Regardez les détaler
5%
Vyse Allié Apportez moi l'arsenal
4%
KAY/O Allié Impossible de m'échapper
4%
Raze Allié Que la fête commence
4%
Phoenix Allié Allez on bouge
3%
Cypher Allié Bon ou se cachent-t-ils tous
3%
Omen Ennemi Dispersion
3%
Yoru Allié Je m'en occupe
3%
Reyna Ennemi La chasse commence
3%
Vyse Ennemi Adaptez vous ou mourez
2%
Yoru Ennemi A qui le tour?
2%
Tejo Ennemi Allez tenez vos positions
1%
Tejo Allié C'est la fin du conflit
1%
Raze Ennemi Chaud devant
1%
Harbor Allié Hey! c'est marée haute
1%
Skye Ennemi Je suis sur votre piste
1%
Phoenix Ennemi OK! Fini de rigoler
1%
Sova Ennemi Pas de fuite possible
1%
Viper Allié Restez hors de mon chemin
1%
Killjoy Allié Comtpe a rebours lancé
0%
Neon Ennemi Ha! vous m'énervez là
0%
Killjoy Ennemi Heu vous devriez courir
0%
Jett Ennemi Hors de nuit
0%
Skye Allié Traquez les
0%
Aucun quiz correspondant
Distribution des résultats
% des personnes avec chaque résultat
Percentile par nombre de réponses
Votre historique - résultats
Vous n’avez pas pris ce quiz